Planes by Picture - Aerial view - Statistics

General Stats
  • This quiz has been taken 401 times
  • The average score is 9 of 12
Answer Stats
Picture Answer % Correct
A380
91%
747
87%
787
86%
Concorde
85%
777
83%
A340
82%
757
70%
A321
68%
Md11
62%
A350
57%
767
53%
A330
46%
No matching quizzes found
Score Distribution
Percent of People with Each Score
Percentile by Number Answered
Your Score History
You have not taken this quiz